| 000 | 01846nam0a2200325 4500 | ||
|---|---|---|---|
| 001 | RU\NLR\bibl\486750 | ||
| 005 | 20250623194150.0 | ||
| 010 |
_a5-901589-35-1 _9300 |
||
| 021 |
_aRU _b2003-69929 _93458 |
||
| 035 | _a(NLR Aleph) 000479451 | ||
| 090 |
_a1044345 _c1044345 |
||
| 100 | _a20040204d2002 |||y0rusy50 ca | ||
| 101 | 0 | _arus | |
| 102 | _aRU | ||
| 105 | _ay ||||||||| | ||
| 200 | 1 |
_aДва чуда в степи _eРассказы, зарисовки _fАлександр Тищенко |
|
| 210 |
_aНовопавловск _cКир. район. тип. _d2002 |
||
| 215 |
_a31 с. _d20 |
||
| 300 | _aНа обороте тит. л. авт.: Тищенко А. В. - к.с.-х.н., имеет медали "За доблест. и самоотверж. труд в войну 1941-45 гг.", "За добросовест. труд в ознаменование 100-летия со дня рождения В. И. Ленина", лауреат премии Совета Министров СССР за разработку и внедрение в животноводстве кормовой витамин. добавки | ||
| 327 | 1 | _aСодерж.: Два чуда в степи; Слово об охоте; Этих саженцев касались мои руки; Детские песни и тревого наши; Брызги шампанского... в мешке; Карусель; "Ты бы"; Физически страдаю от неравенства; Чувство совести | |
| 686 | _aШ6(2=Р)75-440.5 | ||
| 700 | 1 |
_aТищенко _bА. В. _gАлександр Васильевич _4070 |
|
| 801 | 0 |
_aRU _bNLR _c20040204 _gPSBO |
|
| 801 | 1 |
_aRU _bNLR _c20040204 |
|
| 830 | _aАВт. по кн. | ||
| 942 | _cBOOK | ||
| 980 | _aNB | ||